|
|
|
|
| LEADER |
00000nam0a2200000 4500 |
| 001 |
332655 |
| 005 |
20231102004458.0 |
| 035 |
|
|
|a (RuTPU)RU\TPU\book\358608
|
| 035 |
|
|
|a RU\TPU\book\358607
|
| 090 |
|
|
|a 332655
|
| 100 |
|
|
|a 20170526d1979 k y0rusy50 ca
|
| 101 |
0 |
|
|a rus
|
| 102 |
|
|
|a RU
|
| 105 |
|
|
|a a z 001zy
|
| 200 |
1 |
|
|a Горнорудное производство. Разрушение горных пород
|e [сборник]
|f Институт горного дела (ИГД) ; отв. ред. М. В. Васильев
|
| 210 |
|
|
|a Свердловск
|c Изд-во ИГД
|d 1979
|
| 215 |
|
|
|a 95 с.
|c ил.
|
| 225 |
1 |
|
|a Труды Института горного дела
|v Вып. 59
|
| 320 |
|
|
|a Библиография в конце статей
|
| 606 |
1 |
|
|a Горные породы
|x Разрушение при добыче
|x Интенсификация
|2 stltpush
|3 (RuTPU)RU\TPU\subj\8052
|9 35544
|
| 610 |
1 |
|
|a взрывные скважины
|
| 610 |
1 |
|
|a ударно-вращательное бурение
|
| 610 |
1 |
|
|a погружные расходомеры
|
| 610 |
1 |
|
|a карьеры
|
| 610 |
1 |
|
|a скважинные заряды
|
| 610 |
1 |
|
|a взрывание
|
| 610 |
1 |
|
|a детонирующие шнуры
|
| 610 |
1 |
|
|a испытание
|
| 610 |
1 |
|
|a железные руды
|
| 610 |
1 |
|
|a негабариты
|
| 610 |
1 |
|
|a электротермические установки
|
| 675 |
|
|
|a 622.236
|v 4
|
| 702 |
|
1 |
|a Васильев
|b М. В.
|g Михаил Владимирович
|4 340
|
| 712 |
0 |
2 |
|a Институт горного дела (ИГД)
|c (Свердловск)
|c (1962-1994)
|2 stltpush
|3 (RuTPU)RU\TPU\col\21688
|
| 801 |
|
1 |
|a RU
|b 63413507
|c 20141020
|
| 801 |
|
2 |
|a RU
|b 63413507
|c 20170607
|g RCR
|
| 942 |
|
|
|c BK
|